| 000 | 00620nam a22001937a 4500 | ||
|---|---|---|---|
| 999 |
_c10421 _d10421 |
||
| 003 | AR-CdUCM | ||
| 008 | 190401b ||||| |||| 00| 0 spa d | ||
| 040 |
_aMUNICIPALIDAD PROVINCIAL DEL CUSCO _cBIBLIOTECA MUNICIPAL DEL CUSCO |
||
| 082 |
_aEP / 599.7 / _bD71 |
||
| 100 |
_aDisney, Walt _927263 |
||
| 245 |
_aLa isla de las focas : _bUna aventura de la vida real / |
||
| 260 |
_aMéxico : _bFernández editores, _c1963. |
||
| 300 |
_a40 paginas ; _c23 cm. |
||
| 505 | _aContenido :Las islas de las focas. | ||
| 650 |
_aCuentos infantiles _93927 |
||
| 650 |
_aHistorietas _910786 |
||
| 942 |
_2ddc _cLIBROS |
||
| 945 | _arum | ||